Zhrnutie výsledkov výskumu rastlinstva Gaderskej doliny a Blatnickej doliny

Bibliographic Details
Main Author: Vološčuk, Ivan, 1935-2024 (Author)
Format: Article
Language:Slovak
PhysicalDescription:Obr. 1.
Subjects:

MARC

LEADER 00000nab a2200000 a 4500
001 vtls000094921
003 SK-MaSNL
005 20260407043939.0
008 111031c1980 xo 0 slo
015 |a SNBRA19rr/mm-uuuuu 
035 |a CL0105024 
040 |a SNKBUCL  |b slo  |c SNKBUCL  |e AACR2 
041 0 |a slo 
044 |a xo  |c SK 
080 |a 581.5  |2 1981 
100 1 |a Vološčuk, Ivan,  |d 1935-2024  |4 aut  |9 98514 
245 1 0 |a Zhrnutie výsledkov výskumu rastlinstva Gaderskej doliny a Blatnickej doliny  |c Ivan Vološčuk 
300 |b Obr. 1. 
651 7 |a Gaderská dolina (Slovensko)  |2 snkbucl  |9 62694 
651 7 |a Blatnická dolina (Slovensko)  |2 snkbucl  |9 160777 
655 7 |a články zo zborníkov  |2 snkbucl  |9 166140 
773 0 |t Výskumné práce z ochrany prírody 3B  |d Bratislava : Príroda, 1980  |g S. 325-329 
850 |a Slovenská národná knižnica v Martine  |a MTA001 
852 |a SNK  |b KIS3GCP 
958 |a RK 
992 |a RZB 
999 |c 1628508  |d 1630438